000 00406nam a2200133Ia 4500
008 220216s9999 xx 000 0 und d
100 _aMohankumar S.
245 0 _aBusiness guide to rubber industry 2001-2002
260 _bDepartment of T & TC, Rubber Board, Kottayam, India, 206 p.
_c2001
650 _aIndian rubber industry
650 _aRubber product industry
700 _aNair C.N.K.
942 _cBS
999 _c52695
_d52695